000 00890nam a22002417a 4500
005 20240530110512.0
008 151215s2013 ua g b 000 0 ara d
017 _a2012/19259
_bمصر . دار الكتب المصرية
020 _a9789776413238
040 _aEG-CaGPL
082 0 4 _221
_a925\
_bخ ف
100 0 _aخالد حربى
245 1 0 _aفرق العمل العلمية فى الحضارة الاسلامية /
_cخالد حربى
250 _aط1
260 _aالاسكندرية :
_bدار الوفاء لدنيا الطباعة و النشر ،
_c2013 .
300 _a134 ص ؛
_c24 سم .
504 _aيشتمل على ارجاعات ببليوجرافية
650 0 4 _aتراجم العلماء
650 0 4 _aالحضارة العربية
650 0 4 _aالعلوم عند العرب
942 _2ddc
_cBK
999 _c61710
_d61710